000 00246nam a22001097a 4500
999 _c67019
_d67016
082 _aATT
100 _aAtta-ur-Rehman
245 _aScience And Islam
260 _aKarachi
_bKhadim Ali Shah Bhukari Foundition
_c1998
300 _a176p
942 _cBK